00721nam a22002177a 450000500170000000800410001702000180005804000210007604100080009708200170010510000240012224501200014625000120026626000330027830000100031165000430032165000300036465000520039470000270044670000300047320260515115025.0240819b |||||||| |||| 00| 0 eng d a9789358491043 aIN-DiNCcIN-DiNC deng a320.954bDAS aDas, Deepaneauthor aDevelopment processes and social movement in contemporary India/cby Deepan Das, Silpika Dutta and Santisaya Baruah a1st ed. aDibrugarh:bBanalata,c2024. a224p. aDevelopment process since independence aSocial movements in India aPolitical situation of India since independence aDutta, Silpikaeauthor aBaruah, Santisayaeauthor